[Event "Torredembarra op 19th"]
[Site "Torredembarra"]
[Date "2017.07.06"]
[Round "6"]
[White "Eizaguerri Floris, Maria"]
[Black "Fabregat Planella, Joaquim"]
[Result "1-0"]
[WhiteElo "2075"]
[BlackElo "1808"]
[PlyCount "43"]
[EventDate "2017.07.01"]
[EventType "swiss"]
[EventRounds "9"]
[EventCountry "ESP"]
[SourceTitle "CBM 179 Extra"]
[Source "ChessBase"]
[SourceDate "2017.08.23"]
[SourceVersion "1"]
[SourceVersionDate "2017.08.23"]
[SourceQuality "1"]

1. e4 c5 2. c3 d5 3. exd5 Qxd5 4. d4 Nf6 5. Nf3 cxd4 6. cxd4 Nc6 7. Nc3 Qe6+ 8. Be2 Nd5 9. 0-0 Qd7 10. Qb3 e6 11. Bb5 Bd6 12. Nxd5 exd5 13. Re1+ Kf8 14. Ne5 Qc7 15. Qxd5 Be6 16. Qe4 Ne7 17. Bd2 Bd5 18. Qg4 f6 19. Nd7+ Kf7 20. Qh5+ Kg8 21. Rxe7 Bxe7 22. Qxd5# 1-0